00590nam a2200169Ia 4500008004100000020001500041041001200056082001600068100001500084245007200099260004100171300000800212650000800220942000700228999001300235952017200248221030s9999 xx 000 0 und d a8129702126 aEnglish a105.23bCar aJ. J. Carr 0aElements of Electronic Instrumentation & Measurementcby J. J. Carr bPearson EducationaNew Delhic2005 a608 aECE cBK c503d503 pBE 8393g350.00l0o105.23 Carr2024-06-13 00:00:00w2022-10-30yBK003Print4070aMIETLIBbMIETLIBcBL-Academic Block- A, FL-1, CUP-13, SH-5, R-5d2006-11-0310HBE